| 000 | 01567cam a22003254a 4500 | ||
|---|---|---|---|
| 001 | 16251788 | ||
| 003 | ARRUPE | ||
| 005 | 20160824114835.0 | ||
| 008 | 100525s2011 nyua b 001 0 eng | ||
| 010 | _a 2010021796 | ||
| 016 | 7 |
_a015738664 _2Uk |
|
| 020 | _a9780199743094 (hc : acidfree paper) | ||
| 020 | _a0199743096 (hc : acidfree paper) | ||
| 035 | _a(OCoLC)ocn637037155 | ||
| 040 |
_aDLC _cDLC _dYDX _dYDXCP _dBWX _dCDX _dUKMGB _dMIX _dDLC |
||
| 042 | _apcc | ||
| 050 | 0 | 0 |
_aBJ21 _b.H87 2011 |
| 082 | 0 | 0 |
_a170 _222 |
| 100 | 1 |
_aHurka, Thomas, _d1952- _93759 |
|
| 245 | 1 | 0 |
_aDrawing morals : _bessays in ethical theory / _cThomas Hurka. |
| 260 |
_aNew York : _bOxford University Press, _cc2011. |
||
| 300 |
_axi, 276 p.; _bill. ; _c24 cm. |
||
| 490 | 0 | _aOxford moral theory | |
| 504 | _aIncludes bibliographical references and index. | ||
| 505 | 0 | _aNormative ethics : back to the future -- Value and population size -- The well-rounded life -- Monism, pluralism, and rational regret -- How great a good is virtue? -- Two kinds of organic unity -- Asymmetries in value -- Why value autonomy? -- Desert : holistic and individualistic -- Virtuous act, virtuous disposition -- Games and the good -- Rights and capital punishment -- Two kinds of satisficing -- The justification of national partiality -- Proportionality in the morality of war. | |
| 650 | 0 |
_aEthics. _925478 |
|
| 906 |
_a7 _bcbc _corignew _d1 _eecip _f20 _gy-gencatlg |
||
| 942 |
_2lcc _cMONOGRAPH |
||
| 999 |
_c125135 _d125135 |
||